000 00493nam a2200181Ia 4500
005 20250508162009.0
008 008 250505s9999 xx 000 0 eng d
037 _aTextual
040 _aFEDL
_beng
_cFEDL
041 _aeng
_2eng
084 _a294.592, SAS
_qFEDL
100 _aSastry Alladi Mahadeva
_924211
245 0 _aBhagavad Gita
260 _aMadras, India
_bSamata Books
_c1977
300 _axiv,534p.
942 _cTEXL
_h294.592, SAS
999 _c1373735
_d1373735